00681nam a22001817a 4500952010200000999001900102008004100121020001600162050002200178100003000200245003300230250001700263260004400280300004400324519011100368650001300479942000700492 00102lcc4070a01b01d2018-11-08l0oQC21.2 S47 2001p24 000870r2023-01-20t1w2018-11-08yLB c103605d103605181108s19952001mx a|||| |||| 00| 0 spa d a9702600154 04aQC21.2bS47 2001  1aSerway, Raymond A.eautor10aFisica c/ Raymond A. Serway a5a Edición aMéxicob: Pearson Educaciónc, 2001 axxvii, 849 páginas b: ilustraciones  aPlan Flexible / bBachillerato Técnico en Contaduría IPN / cFísica l (N3-lll-3) / d(24 000870)10aFÍSICA cLB